书目信息 |
| 题名: |
概率论
|
|
| 作者: | ;南京工学院数学教研组 编 | |
| 分册: | ||
| 出版信息: | 北京 高等教育出版社 1985 |
|
| 页数: | 168页 | |
| 开本: | 20cm | |
| 丛书名: | ||
| 单 册: | ||
| 中图分类: | O211 , O21 | |
| 科图分类: | ||
| 主题词: | 概率论--高等学校--教材 , 概率论 , 数理统计 | |
| 电子资源: | ||
| ISBN: | ||
| 000 | 00832nam0 2200301 45 | |
| 001 | 0185009572 | |
| 005 | 20040907094021.0 | |
| 010 | @dCNY1.15 | |
| 091 | @a13010.01134 | |
| 100 | @a19900904d1985 em y0chiy0121 ea | |
| 101 | 0 | @achi |
| 102 | @aCN@b110000 | |
| 105 | @ay z 000yy | |
| 106 | @ar | |
| 200 | 10 | @a概率论@Agai lv lun@f南京工学院数学教研组编@EGong Cheng Shu Xue |
| 210 | @a北京@c高等教育出版社@d1985 | |
| 215 | @a168页@d20cm | |
| 300 | @a高等学校试用教材 | |
| 517 | @a工程数学@AGong Cheng Shu Xue | |
| 606 | @a概率论@x高等学校@x教材 | |
| 606 | 0 | @a概率论 |
| 606 | 0 | @a数理统计 |
| 690 | @aO211@v3 | |
| 690 | @aO21 | |
| 711 | 02 | @a南京工学院数学教研组@Anan jing gong xue yuan shu xue jiao yan zu@4编 |
| 801 | 0 | @aCN@b深圳图书馆@c20040907 |
| 801 | 2 | @aCN@bNLC@c20040907 |
| 905 | @f1@b170160@dO21@e71 | |
| 概率论/南京工学院数学教研组编.-北京:高等教育出版社,1985 |
| 168页;20cm |
| 高等学校试用教材 |
| ISBN :CNY1.15 |
| ● |
| 相关链接 |
|
|
|
|
正题名:概率论
索取号:O21/71
 
预约/预借
| 序号 | 登录号 | 条形码 | 馆藏地/架位号 | 状态 | 备注 |
| 1 | 0170160 | 001947870 | 第三借阅区/ [索取号:O21/71] | 在馆 |